[Event "DEM U18 2015"]
[Site "Willingen GER"]
[Date "2015.05.28"]
[Round "7"]
[White "Eichstaedt, Mirko"]
[Black "Engert, Marvin"]
[Result "1/2-1/2"]
[Termination "normal"]
[Board "9"]
[WhiteElo "2044"]
[BlackElo "1727"]
[PlyCount "286"]
[WhiteFideId "24692310"]
[BlackFideId "12901164"]
[EventCountry "GER"]
[EventRounds "9"]
[EventType "swiss"]
[EventDate "2015.05.23"]

1. d4 Nf6 2. c4 e5 3. dxe5 Ng4 4. Bf4 Nc6 5. Nf3 Bb4+ 6. Nbd2 Qe7 7. a3 Bxd2+
8. Qxd2 Ngxe5 9. Nxe5 Nxe5 10. e3 O-O 11. Be2 d6 12. O-O b6 13. Qc3 Bb7 14. Bg3
Rae8 15. b4 Nd7 16. a4 f5 17. Rfe1 Nf6 18. Bh4 Qe4 19. Bf3 Qxh4 20. g3 Qh3 21.
Bxb7 Ng4 22. Bg2 Qxh2+ 23. Kf1 h5 24. Qd2 h4 25. gxh4 Qxh4 26. f3 Ne5 27. f4
Ng4 28. Bd5+ Kh7 29. Ra3 Rf6 30. Ke2 Rh6 31. Kd1 Qf6 32. Qc3 Qe7 33. Re2 Rh3
34. Kd2 Nh2 35. Bg2 Rh4 36. Qd3 Qf6 37. Qc3 Qh6 38. Qd3 Qh5 39. a5 Qg6 40. e4
Qh6 41. exf5 Qxf4+ 42. Kd1 Rxe2 43. Kxe2 Ng4 44. f6+ g6 45. Qe4 Qxe4+ 46. Bxe4
Rh2+ 47. Ke1 Nxf6 48. axb6 axb6 49. Bc6 Rc2 50. Ra7 Rc1+ 51. Ke2 Rxc4 52. Rxc7+
Kh6 53. b5 Ne4 54. Rb7 Nc3+ 55. Kd3 Rc5 56. Rxb6 Kg5 57. Be8 Kf5 58. Rb7 Nxb5
59. Bxb5 g5 60. Rf7+ Ke6 61. Rb7 Ke5 62. Bd7 Ra5 63. Rb4 Kf6 64. Rd4 Ke7 65.
Bg4 Re5 66. Bf3 Ke6 67. Be4 Rc5 68. Ke3 Ke5 69. Bd3 Kf6 70. Rxd6+ Kf7 71. Ra6
Rc1 72. Kf2 Rc5 73. Be4 Rb5 74. Kg3 Re5 75. Ra4 Kf6 76. Kg4 Re6 77. Bf5 Rc6 78.
Bh7 Rb6 79. Kh5 Re6 80. Bg6 Re1 81. Ra6+ Re6 82. Ra8 Re5 83. Rf8+ Ke7 84. Rf7+
Ke6 85. Rf1 Ra5 86. Bd3 Rc5 87. Be2 Re5 88. Bg4+ Ke7 89. Kg6 Kd6 90. Bf5 Kd5
91. Rd1+ Kc5 92. Kxg5 Rd5 93. Rc1+ Kd4 94. Kf4 Rd6 95. Rc2 Rd5 96. Be4 Rd6 97.
Kf5 Ra6 98. Rd2+ Kc3 99. Rd8 Ra5+ 100. Kf4 Ra1 101. Bf3 Re1 102. Rd7 Ra1 103.
Ke3 Ra4 104. Be2 Ra8 105. Rc7+ Kb4 106. Bf3 Rd8 107. Be4 Rd6 108. Kf4 Rd8 109.
Ke5 Rd1 110. Rc8 Rd2 111. Rc1 Kb5 112. Bd5 Kb4 113. Kd6 Rh2 114. Rb1+ Kc3 115.
Kc5 Rh4 116. Rb3+ Kd2 117. Rg3 Rf4 118. Rh3 Rg4 119. Bc4 Rg5+ 120. Kb4 Rg4 121.
Rd3+ Kc2 122. Re3 Rd4 123. Re2+ Rd2 124. Re8 Rd4 125. Re3 Rd2 126. Ra3 Kb2 127.
Ra8 Kc2 128. Rc8 Rd4 129. Ra8 Rd2 130. Rh8 Rg2 131. Rh4 Rf2 132. Rd4 Rh2 133.
Bb3+ Kb2 134. Rd3 Rf2 135. Bc4 Kc2 136. Rd4 Rh2 137. Rd3 Rf2 138. Rd7 Rh2 139.
Ra7 Rd2 140. Ra1 Kb2 141. Ra2+ Kc1 142. Ra3 Kb2 143. Rc3 Rc2 1/2-1/2

[Event "DEM U18 2015"]
[Site "Willingen GER"]
[Date "2015.05.28"]
[Round "7"]
[White "Ciolek, Andreas"]
[Black "Bilchinski, Anton"]
[Result "1/2-1/2"]
[Termination "normal"]
[Board "10"]
[WhiteElo "2099"]
[BlackElo "2252"]
[PlyCount "94"]
[WhiteFideId "12906727"]
[BlackFideId "24615765"]
[EventCountry "GER"]
[EventRounds "9"]
[EventType "swiss"]
[EventDate "2015.05.23"]

1. e4 g6 2. d4 Bg7 3. Nc3 d6 4. Be3 a6 5. Qd2 b5 6. f3 Bb7 7. h4 h5 8. Nh3 Nd7
9. Nf2 c5 10. Be2 Rc8 11. Ncd1 cxd4 12. Bxd4 Ngf6 13. a4 Bh6 14. Be3 Bxe3 15.
Nxe3 Qb6 16. axb5 axb5 17. Nd3 O-O 18. g4 hxg4 19. h5 gxf3 20. hxg6 fxg6 21.
Bxf3 Bxe4 22. Qe2 Qd4 23. Rd1 Bxf3 24. Qxf3 Ng4 25. Qd5+ Qxd5 26. Nxd5 Kg7 27.
N3f4 Nc5 28. b4 e5 29. Nxg6 Kxg6 30. Ne7+ Kf7 31. Rh7+ Ke6 32. Nxc8 Rxc8 33.
bxc5 Rxc5 34. Rh4 Nf6 35. Rd2 e4 36. Rf2 Ke5 37. Rh6 Nd5 38. Rh5+ Kd4 39. Rd2+
Kc4 40. Rh4 Nc3 41. Rxd6 b4 42. Kd2 Rg5 43. Rh2 Rg3 44. Re6 Kd4 45. Rd6+ Kc4
46. Re6 Kd4 47. Rd6+ Kc4 1/2-1/2

[Event "DEM U18 2015"]
[Site "Willingen GER"]
[Date "2015.05.28"]
[Round "7"]
[White "Syrov, Arkadi"]
[Black "Brinkmann, Fabian"]
[Result "1-0"]
[Termination "normal"]
[Board "11"]
[WhiteElo "2051"]
[BlackElo "1972"]
[PlyCount "81"]
[WhiteFideId "12942448"]
[BlackFideId "24661414"]
[EventCountry "GER"]
[EventRounds "9"]
[EventType "swiss"]
[EventDate "2015.05.23"]

1. e4 c6 2. d4 d5 3. e5 Bf5 4. Nf3 e6 5. Be2 Nd7 6. O-O Bg6 7. Nbd2 Nh6 8. Nb3
Nf5 9. a4 Be7 10. g4 Nh4 11. Nxh4 Bxh4 12. f4 f5 13. Bd3 O-O 14. g5 h6 15. gxh6
gxh6 16. Kh1 Kh7 17. Qf3 Rg8 18. Rg1 Qc7 19. Be3 Rg7 20. c4 Nb6 21. Nc5 dxc4
22. Nxe6 Qf7 23. Nxg7 cxd3 24. Qh3 Be7 25. Rxg6 Qxg6 26. Rg1 Kxg7 27. Qxf5 Bg5
28. Qxg6+ Kxg6 29. fxg5 Kf5 30. g6 Rg8 31. g7 Ke4 32. Bxh6 Nc4 33. e6 Ne3 34.
Bxe3 Kxe3 35. e7 d2 36. Rd1 Ke2 37. Rxd2+ Kxd2 38. h4 Ke3 39. h5 Kf4 40. h6 Kg3
41. h7 1-0

[Event "DEM U18 2015"]
[Site "Willingen GER"]
[Date "2015.05.28"]
[Round "7"]
[White "Müller, Nils Samuel"]
[Black "Holtel, Jasper"]
[Result "0-1"]
[Termination "normal"]
[Board "12"]
[WhiteElo "1812"]
[BlackElo "2044"]
[PlyCount "82"]
[WhiteFideId "24654361"]
[BlackFideId "12956376"]
[EventCountry "GER"]
[EventRounds "9"]
[EventType "swiss"]
[EventDate "2015.05.23"]

1. e4 c5 2. Nf3 d6 3. d4 cxd4 4. Nxd4 Nf6 5. Nc3 a6 6. Bg5 e6 7. Qd2 Be7 8.
O-O-O Nbd7 9. Kb1 Qc7 10. f4 h6 11. Bxf6 Nxf6 12. Be2 b5 13. a3 Bb7 14. Bf3 Rc8
15. Rhe1 Nd7 16. f5 e5 17. Nb3 Nb6 18. Qf2 Nc4 19. Nd5 Bxd5 20. Rxd5 Qc6 21.
Bg4 Rc7 22. g3 a5 23. h4 O-O 24. Rc1 Rb8 25. Be2 a4 26. Bxc4 bxc4 27. Na1 Rxb2+
28. Kxb2 c3+ 29. Ka2 Qc4+ 30. Nb3 axb3+ 31. cxb3 Qxe4 32. Rdd1 d5 33. Re1 Qd3
34. Rxe5 Bxa3 35. Re8+ Bf8 36. Ra8 Re7 37. Rc2 d4 38. f6 gxf6 39. Ra4 Re4 40.
Kb1 Qd1+ 41. Ka2 Re1 0-1

[Event "DEM U18 2015"]
[Site "Willingen GER"]
[Date "2015.05.28"]
[Round "7"]
[White "Siegert, Gregor"]
[Black "Heldt, Ronny"]
[Result "0-1"]
[Termination "normal"]
[Board "13"]
[WhiteElo "1839"]
[BlackElo "1871"]
[PlyCount "52"]
[WhiteFideId "1271250"]
[BlackFideId "12903973"]
[EventCountry "GER"]
[EventRounds "9"]
[EventType "swiss"]
[EventDate "2015.05.23"]

1. Nf3 d5 2. g3 Bg4 3. Bg2 c6 4. Ne5 Bf5 5. c4 e6 6. d4 Nd7 7. Bf4 Bxb1 8. Nxd7
Qxd7 9. Rxb1 Bb4+ 10. Bd2 Bxd2+ 11. Qxd2 Ne7 12. O-O O-O 13. Rfc1 a5 14. c5 Ng6
15. b4 axb4 16. Rxb4 e5 17. Qb2 exd4 18. Rxb7 Qe6 19. Qxd4 Rxa2 20. e4 dxe4 21.
Qxe4 Qf6 22. Qxc6 Qxf2+ 23. Kh1 Ne5 24. Qd5 Rd2 25. Qe4 Re2 26. Qd5 Re1+ 0-1

[Event "DEM U18 2015"]
[Site "Willingen GER"]
[Date "2015.05.28"]
[Round "7"]
[White "Schäfer, Marlon"]
[Black "Hoffmann, Tim"]
[Result "1-0"]
[Termination "normal"]
[Board "14"]
[WhiteElo "1669"]
[BlackElo "2102"]
[PlyCount "77"]
[WhiteFideId "16208773"]
[BlackFideId "12900338"]
[EventCountry "GER"]
[EventRounds "9"]
[EventType "swiss"]
[EventDate "2015.05.23"]

1. e4 c5 2. c3 d5 3. exd5 Qxd5 4. d4 Nc6 5. Nf3 Bf5 6. Na3 cxd4 7. cxd4 e6 8.
Nb5 O-O-O 9. Be3 Bb4+ 10. Nc3 Nf6 11. Be2 Ne4 12. Rc1 Nxc3 13. bxc3 Ba3 14. c4
Qd7 15. O-O Bxc1 16. Qxc1 f6 17. Rd1 Kb8 18. d5 exd5 19. cxd5 Ne5 20. Qa3 b6
21. Qb4 Qd6 22. Qd4 Rd7 23. Bf4 Re7 24. a4 Ka8 25. Bb5 Bd7 26. Ba6 Rhe8 27. Be3
Nxf3+ 28. gxf3 Bc8 29. Bb5 Rd8 30. Bf4 Qc5 31. Qd2 Bb7 32. d6 Rf7 33. Re1 Qd5
34. Qxd5 Bxd5 35. Re7 Rdf8 36. Re8+ Kb7 37. d7 Rxd7 38. Rxf8 Rf7 39. Rb8# 1-0

[Event "DEM U18 2015"]
[Site "Willingen GER"]
[Date "2015.05.29"]
[Round "8"]
[White "Lampert, Jonas"]
[Black "Xu, Xianliang"]
[Result "1-0"]
[Termination "normal"]
[Board "1"]
[WhiteTitle "IM"]
[WhiteElo "2442"]
[BlackElo "2117"]
[WhiteClock "01:11:20"]
[BlackClock "00:25:44"]
[PlyCount "99"]
[WhiteFideId "1303759"]
[BlackFideId "4603230"]
[EventCountry "GER"]
[EventRounds "9"]
[EventType "swiss"]
[EventDate "2015.05.23"]

1. d4 d5 2. c4 c6 3. Nf3 Nf6 4. e3 Bf5 5. Nc3 e6 6. Bd3 Bxd3 7. Qxd3 Nbd7 8.
O-O Bd6 9. e4 dxe4 10. Nxe4 Nxe4 11. Qxe4 Nf6 12. Qe2 O-O 13. Bg5 h6 14. Bh4
Be7 15. Rad1 Qc7 16. Ne5 Rad8 17. Rd3 Rfe8 18. Bg3 Qa5 19. Bf4 Nd7 20. Rg3 Nxe5
21. Bxe5 Bf8 22. Bf6 Rd7 23. Rxg7+ Bxg7 24. Qg4 Qg5 25. Bxg5 hxg5 26. Rd1 Red8
27. Qxg5 Kf8 28. h4 Bxd4 29. Rd2 c5 30. h5 f6 31. Qg4 Re7 32. h6 f5 33. Qg6
Rdd7 34. Rd3 Be5 35. Rxd7 Rxd7 36. g3 Ke7 37. h7 Rd8 38. b3 a6 39. Qg5+ Bf6 40.
Qf4 Kd7 41. g4 Rh8 42. g5 Bg7 43. g6 Rd8 44. Qe3 Kd6 45. b4 b6 46. bxc5+ bxc5
47. Qa3 Ra8 48. Qf3 Ra7 49. Qf4+ Be5 50. Qxe5+ 1-0

[Event "DEM U18 2015"]
[Site "Willingen GER"]
[Date "2015.05.29"]
[Round "8"]
[White "Yankelevich, Lev"]
[Black "Kvetny, Mark"]
[Result "1/2-1/2"]
[Termination "normal"]
[Board "2"]
[BlackTitle "FM"]
[WhiteElo "2401"]
[BlackElo "2382"]
[WhiteClock "01:02:22"]
[BlackClock "00:27:52"]
[PlyCount "97"]
[WhiteFideId "24684074"]
[BlackFideId "24603929"]
[EventCountry "GER"]
[EventRounds "9"]
[EventType "swiss"]
[EventDate "2015.05.23"]

1. e4 e5 2. Nf3 Nf6 3. Nc3 Nc6 4. h3 Bb4 5. Nd5 Nxd5 6. exd5 e4 7. dxc6 exf3 8.
Qxf3 dxc6 9. Bc4 Qe7+ 10. Qe3 Bc5 11. Qxe7+ Kxe7 12. O-O Re8 13. Re1+ Kf8 14.
Rxe8+ Kxe8 15. c3 Bf5 16. d4 Bd6 17. Bd2 Kf8 18. Kf1 a5 19. Be3 a4 20. Be2 Ra5
21. Rd1 Bc2 22. Rc1 Bf5 23. Rd1 Bc2 24. Rd2 Bb1 25. a3 b5 26. c4 bxc4 27. Bxc4
Be4 28. f3 Bd5 29. Bd3 g6 30. Kf2 f5 31. g3 Kf7 32. Rc2 Ra8 33. Rc3 Rb8 34. Rc2
Rb3 35. Rd2 Rb8 36. h4 Re8 37. Re2 Rb8 38. Rd2 Re8 39. f4 Rb8 40. Be2 h5 41.
Bd1 Bb3 42. Bf3 Bd5 43. Bd1 Bb3 44. Bf3 Bd5 45. Bxd5+ cxd5 46. Rc2 Rb3 47. Ke2
Ke6 48. Kd2 Kd7 49. Bf2 1/2-1/2

[Event "DEM U18 2015"]
[Site "Willingen GER"]
[Date "2015.05.29"]
[Round "8"]
[White "Peil, Christoph"]
[Black "Krause, Benedict"]
[Result "1-0"]
[Termination "normal"]
[Board "4"]
[BlackTitle "FM"]
[WhiteElo "2227"]
[BlackElo "2347"]
[WhiteClock "00:04:03"]
[BlackClock "00:00:53"]
[PlyCount "155"]
[WhiteFideId "24651800"]
[BlackFideId "12917990"]
[EventCountry "GER"]
[EventRounds "9"]
[EventType "swiss"]
[EventDate "2015.05.23"]

1. d4 Nf6 2. c4 e6 3. Nf3 d5 4. Nc3 Bb4 5. cxd5 exd5 6. Bg5 h6 7. Bh4 Nbd7 8.
Rc1 g5 9. Bg3 Ne4 10. Nd2 Nxg3 11. hxg3 c6 12. e3 Nf6 13. Bd3 Be6 14. a3 Be7
15. Na4 h5 16. Nc5 Bc8 17. Nf3 Nd7 18. Nxd7 Bxd7 19. Ne5 g4 20. Be2 Bf6 21. Nd3
Bg7 22. Nf4 Qg5 23. Rh4 Bf8 24. Qb3 Rb8 25. Kd2 Bd6 26. Rch1 Bxf4 27. exf4 Qh6
28. Qb4 f5 29. Bd3 Kf7 30. Re1 Rhe8 31. Rxe8 Kxe8 32. Qa5 Rd8 33. Qxa7 Bc8 34.
Qb8 Qd6 35. Qxd6 Rxd6 36. Rxh5 Rf6 37. Rh8+ Kd7 38. f3 gxf3 39. gxf3 Kc7 40.
Rh7+ Kd6 41. b4 Bd7 42. a4 Rf8 43. Ke3 b6 44. a5 Rb8 45. Rh1 bxa5 46. bxa5 Rb3
47. Ra1 c5 48. dxc5+ Kxc5 49. Rc1+ Kd6 50. Kd4 Ra3 51. a6 Ra4+ 52. Kc3 Ra3+ 53.
Kd2 Ra2+ 54. Ke3 Ra3 55. Rb1 Kc5 56. Rb7 d4+ 57. Kd2 Ra2+ 58. Kc1 Bc6 59. g4
Ra3 60. Kc2 Rc3+ 61. Kd2 Bxb7 62. axb7 Rb3 63. Bxf5 Rxb7 64. Be4 Rb2+ 65. Kd3
Rb3+ 66. Kc2 Rb8 67. f5 Kd6 68. g5 Rg8 69. f4 Re8 70. Kd3 Rb8 71. Kxd4 Rb4+ 72.
Ke3 Rb3+ 73. Bd3 Ke7 74. f6+ Kf7 75. f5 Rb4 76. Be4 Rb5 77. Kd4 Rb4+ 78. Ke5
1-0

[Event "DEM U18 2015"]
[Site "Willingen GER"]
[Date "2015.05.29"]
[Round "8"]
[White "Ruff, Maximilian"]
[Black "Niegsch, Nicolas"]
[Result "1-0"]
[Termination "normal"]
[Board "5"]
[WhiteElo "2276"]
[BlackElo "2112"]
[WhiteClock "00:24:52"]
[BlackClock "00:29:25"]
[PlyCount "43"]
[WhiteFideId "1271670"]
[BlackFideId "12932140"]
[EventCountry "GER"]
[EventRounds "9"]
[EventType "swiss"]
[EventDate "2015.05.23"]

1. e4 e5 2. Nf3 Nc6 3. Nc3 Nf6 4. g3 d5 5. exd5 Nxd5 6. Bg2 Nxc3 7. bxc3 Bc5 8.
O-O O-O 9. d3 Re8 10. Re1 Bg4 11. h3 Bh5 12. g4 Bg6 13. Ng5 Qd7 14. Qf3 Rac8
15. Ne4 Be7 16. Be3 Nd8 17. Nc5 Bxc5 18. Bxc5 b6 19. Be3 c5 20. Qd5 Qe6 21. f4
exf4 22. Bd2 1-0

[Event "DEM U18 2015"]
[Site "Willingen GER"]
[Date "2015.05.29"]
[Round "8"]
[White "Kramer, Julian"]
[Black "Pfreundt, Jakob"]
[Result "1/2-1/2"]
[Termination "normal"]
[Board "6"]
[WhiteElo "2322"]
[BlackElo "2273"]
[WhiteClock "00:57:08"]
[BlackClock "01:14:50"]
[PlyCount "42"]
[WhiteFideId "12921742"]
[BlackFideId "12918156"]
[EventCountry "GER"]
[EventRounds "9"]
[EventType "swiss"]
[EventDate "2015.05.23"]

1. e4 e5 2. Nf3 Nc6 3. Bb5 Nf6 4. O-O Nxe4 5. Re1 Nd6 6. Nxe5 Be7 7. Bf1 Nxe5
8. Rxe5 O-O 9. d4 Bf6 10. Re1 Re8 11. c3 Rxe1 12. Qxe1 Qe8 13. Qxe8+ Nxe8 14.
Bf4 d5 15. Bd3 Be7 16. Nd2 Bd6 17. Re1 Bd7 18. Bxd6 Nxd6 19. f3 Re8 20. Kf2
Rxe1 21. Kxe1 Bf5 1/2-1/2

[Event "DEM U18 2015"]
[Site "Willingen GER"]
[Date "2015.05.29"]
[Round "8"]
[White "Holtel, Jasper"]
[Black "Vöge, Tobias"]
[Result "1-0"]
[Termination "normal"]
[Board "7"]
[WhiteElo "2044"]
[BlackElo "2141"]
[WhiteClock "00:08:35"]
[BlackClock "00:02:39"]
[PlyCount "194"]
[WhiteFideId "12956376"]
[BlackFideId "1270513"]
[EventCountry "GER"]
[EventRounds "9"]
[EventType "swiss"]
[EventDate "2015.05.23"]

1. e4 e6 2. d4 d5 3. Nc3 Nf6 4. Bg5 Bb4 5. e5 h6 6. Bd2 Bxc3 7. bxc3 Ne4 8. Qg4
Kf8 9. Bd3 Nxd2 10. Kxd2 c5 11. dxc5 Qc7 12. Nf3 Nd7 13. Rhe1 Nxc5 14. h4 Bd7
15. Rab1 Rc8 16. Qd4 a6 17. h5 Bb5 18. Re3 Bxd3 19. cxd3 b5 20. Qb4 Ke8 21. Nd4
Qe7 22. Rh1 Qg5 23. g3 Qe7 24. f4 Rc7 25. Rf1 Na4 26. Rc1 Kd7 27. Qa5 Nc5 28.
Nb3 Rhc8 29. Nxc5+ Qxc5 30. d4 Qc4 31. Rb1 Qc6 32. Rb4 Rb7 33. Rf3 Rb6 34. Rb3
g6 35. hxg6 fxg6 36. Rf1 b4 37. Rf3 Rb5 38. Qa4 bxc3+ 39. Rfxc3 Qb6 40. Rxc8
Kxc8 41. Rxb5 axb5 42. Qb4 Kb7 43. a4 bxa4 44. Qxa4 h5 45. Ke3 Kc7 46. Qc2+ Qc6
47. Qxg6 Qc3+ 48. Qd3 Qe1+ 49. Kf3 Qh1+ 50. Ke2 Qg2+ 51. Kd1 Kd8 52. Kc1 Qf2
53. Kb1 Qg2 54. Qe3 Ke8 55. Kc1 Kf7 56. Qc3 h4 57. gxh4 Qh1+ 58. Kc2 Qxh4 59.
Qe3 Qh7+ 60. Kb2 Qg6 61. Qf2 Qe4 62. Kc3 Qb1 63. Kd2 Qb2+ 64. Ke1 Qc1+ 65. Ke2
Qc2+ 66. Kf1 Qd1+ 67. Kg2 Qg4+ 68. Kh2 Qh5+ 69. Kg3 Qg6+ 70. Kh3 Qf5+ 71. Kg2
Qe4+ 72. Qf3 Qg6+ 73. Kh3 Qh7+ 74. Kg3 Ke8 75. Qe2 Ke7 76. Qg4 Qf7 77. Qg5+ Kd7
78. Qf6 Qg8+ 79. Qg5 Qh7 80. f5 exf5 81. Kf4 Qh2+ 82. Kxf5 Qf2+ 83. Qf4 Qe2 84.
Qg4 Qf2+ 85. Kg6+ Kc7 86. Kg5 Qe1 87. Kf5 Qf1+ 88. Ke6 Kc6 89. Qg3 Qc1 90. Qg7
Kb6 91. Qd7 Qh6+ 92. Kxd5 Qh1+ 93. Kd6 Qh2 94. Qe6 Ka7 95. d5 Qf4 96. Qe7+ Ka8
97. Qd8+ Ka7 1-0

[Event "DEM U18 2015"]
[Site "Willingen GER"]
[Date "2015.05.29"]
[Round "8"]
[White "Schulz, Lukas"]
[Black "Eichstaedt, Mirko"]
[Result "0-1"]
[Termination "normal"]
[Board "9"]
[WhiteElo "2151"]
[BlackElo "2044"]
[PlyCount "74"]
[WhiteFideId "12924881"]
[BlackFideId "24692310"]
[EventCountry "GER"]
[EventRounds "9"]
[EventType "swiss"]
[EventDate "2015.05.23"]

1. e4 c5 2. b4 cxb4 3. d4 Nf6 4. Bd3 Nc6 5. Nf3 d5 6. e5 Ne4 7. Qe2 Bg4 8. Bb2
Ng5 9. Nbd2 g6 10. Qe3 Nxf3+ 11. Nxf3 e6 12. h4 Be7 13. Ng5 h5 14. Qf4 Bf5 15.
Bxf5 gxf5 16. O-O Rc8 17. a3 a5 18. Rfb1 b5 19. c3 bxa3 20. Bxa3 b4 21. cxb4
axb4 22. Bc1 Na5 23. Bd2 Rc4 24. Ra4 Nc6 25. Nf3 Kd7 26. Be3 Rc3 27. Ra6 Ra3
28. Rxa3 bxa3 29. Bd2 Qa8 30. Bc3 Rb8 31. Ra1 Na5 32. Ra2 Nc4 33. Qc1 Qb7 34.
Nd2 Nxd2 35. Qxd2 Qb1+ 36. Kh2 Qe4 37. g3 Rb1 0-1

[Event "DEM U18 2015"]
[Site "Willingen GER"]
[Date "2015.05.29"]
[Round "8"]
[White "Heldt, Ronny"]
[Black "Bilchinski, Anton"]
[Result "1/2-1/2"]
[Termination "normal"]
[Board "10"]
[WhiteElo "1871"]
[BlackElo "2252"]
[PlyCount "44"]
[WhiteFideId "12903973"]
[BlackFideId "24615765"]
[EventCountry "GER"]
[EventRounds "9"]
[EventType "swiss"]
[EventDate "2015.05.23"]

1. d4 Nf6 2. c4 e6 3. Nc3 Bb4 4. Qc2 c5 5. dxc5 Qc7 6. e3 a6 7. Bd3 Bxc5 8. Nf3
Be7 9. O-O d6 10. a3 Nbd7 11. b4 b6 12. Bb2 Bb7 13. Nd4 O-O 14. Rac1 Rfe8 15.
Ne4 Rac8 16. Nxf6+ Nxf6 17. Qa4 Qb8 18. Rfd1 d5 19. b5 axb5 20. Nxb5 Ng4 21. g3
dxc4 22. Rxc4 Rxc4 1/2-1/2

[Event "DEM U18 2015"]
[Site "Willingen GER"]
[Date "2015.05.29"]
[Round "8"]
[White "Müller, Nils Samuel"]
[Black "Ciolek, Andreas"]
[Result "1/2-1/2"]
[Termination "normal"]
[Board "12"]
[WhiteElo "1812"]
[BlackElo "2099"]
[PlyCount "96"]
[WhiteFideId "24654361"]
[BlackFideId "12906727"]
[EventCountry "GER"]
[EventRounds "9"]
[EventType "swiss"]
[EventDate "2015.05.23"]

1. e4 c5 2. Nf3 e6 3. d4 cxd4 4. Nxd4 a6 5. Nc3 Qc7 6. Bd3 Nf6 7. f4 d6 8. Qf3
b5 9. a3 Nbd7 10. g4 Nc5 11. g5 Nfd7 12. Bd2 Bb7 13. b4 Nxd3+ 14. cxd3 g6 15.
Rc1 Qd8 16. Nce2 Rc8 17. Rxc8 Qxc8 18. O-O Bg7 19. Rc1 Qa8 20. Nb3 Ke7 21. Na5
Rc8 22. Nc3 Kf8 23. Nxb7 Qxb7 24. Qf2 Kg8 25. Qe1 Rc7 26. Ne2 Qc8 27. Kg2 Rxc1
28. Qxc1 Qxc1 29. Bxc1 Kf8 30. Kf3 Ke7 31. h4 f5 32. exf5 exf5 33. Ke3 Nb6 34.
d4 Nd5+ 35. Kd3 Bf8 36. Bd2 Ke6 37. Bc1 Be7 38. Bd2 Bd8 39. Nc3 Nb6 40. Bc1 Bc7
41. Bd2 Kd7 42. Bc1 Kc6 43. Be3 Bb8 44. Bd2 Ba7 45. Bc1 Na8 46. Bd2 Nc7 47. Bc1
Ne8 48. Be3 d5 1/2-1/2

[Event "DEM U18 2015"]
[Site "Willingen GER"]
[Date "2015.05.29"]
[Round "8"]
[White "Brinkmann, Fabian"]
[Black "Schäfer, Marlon"]
[Result "1/2-1/2"]
[Termination "normal"]
[Board "13"]
[WhiteElo "1972"]
[BlackElo "1669"]
[PlyCount "98"]
[WhiteFideId "24661414"]
[BlackFideId "16208773"]
[EventCountry "GER"]
[EventRounds "9"]
[EventType "swiss"]
[EventDate "2015.05.23"]

1. e4 e5 2. Nf3 Nc6 3. Bb5 a6 4. Ba4 d6 5. d4 b5 6. Bb3 Nxd4 7. Nxd4 exd4 8.
Bd5 Rb8 9. Bc6+ Bd7 10. Bxd7+ Qxd7 11. Qxd4 Nf6 12. O-O Be7 13. Rd1 Qg4 14. f3
Qh5 15. Nc3 O-O 16. Qf2 c6 17. Qa7 Rfe8 18. Bf4 Rbd8 19. Qf2 b4 20. Ne2 d5 21.
Ng3 Qh4 22. Bc7 Rd7 23. Qb6 dxe4 24. Rxd7 Nxd7 25. Qxc6 Nf6 26. Nxe4 Rc8 27.
Qb7 Re8 28. Bg3 Qh5 29. Qc6 Rd8 30. Re1 h6 31. Nxf6+ Bxf6 32. Re8+ Rxe8 33.
Qxe8+ Kh7 34. Qe4+ g6 35. h3 Qc5+ 36. Bf2 Qd6 37. Qd3 Qxd3 38. cxd3 Bxb2 39.
Bb6 Kg7 40. Ba5 Bd4+ 41. Kf1 Bc5 42. Ke2 Kf6 43. d4 Bxd4 44. Kd3 Ke5 45. Kc4
Ba7 46. Bxb4 Kf4 47. Bc5 Bxc5 48. Kxc5 Kg3 49. Kb6 Kxg2 1/2-1/2

[Event "DEM U18 2015"]
[Site "Willingen GER"]
[Date "2015.05.29"]
[Round "8"]
[White "Hoffmann, Tim"]
[Black "Siegert, Gregor"]
[Result "1-0"]
[Termination "normal"]
[Board "14"]
[WhiteElo "2102"]
[BlackElo "1839"]
[PlyCount "125"]
[WhiteFideId "12900338"]
[BlackFideId "1271250"]
[EventCountry "GER"]
[EventRounds "9"]
[EventType "swiss"]
[EventDate "2015.05.23"]

1. e4 c5 2. Nf3 e6 3. d4 cxd4 4. Nxd4 a6 5. Bd3 Qc7 6. O-O Nf6 7. Qe2 d6 8. c4
Be7 9. Nc3 Nbd7 10. Kh1 b6 11. f4 Bb7 12. Bd2 Rc8 13. Nf3 Nc5 14. Bc2 O-O 15.
Rae1 Ncd7 16. Bd3 Rfd8 17. b3 Nf8 18. Qf2 Qc5 19. h3 Qxf2 20. Rxf2 d5 21. cxd5
exd5 22. e5 Bc5 23. Rff1 d4 24. Ne2 Bxf3 25. Rxf3 Nd5 26. Be4 Bb4 27. Rd1 Bc5
28. Rd3 Ng6 29. g3 Nc7 30. b4 Bf8 31. Nxd4 Ne7 32. Be3 h5 33. a3 a5 34. b5 g6
35. a4 Kg7 36. Bf2 Rb8 37. Nc6 Nxc6 38. Bxc6 Rxd3 39. Rxd3 Ne6 40. Rd7 Bc5 41.
Bd5 Bxf2 42. Kg2 Nxf4+ 43. gxf4 Bc5 44. Bxf7 Rf8 45. Be6+ Kh6 46. Kf3 Re8 47.
Bd5 Re7 48. Rd8 Kh7 49. Ke4 Bg1 50. Rd6 Bc5 51. Rc6 Bg1 52. e6 Kg7 53. Ke5 Be3
54. Rc8 Bd2 55. Kd6 Bb4+ 56. Kc6 Bc5 57. Rb8 Kf6 58. Rxb6 Bxb6 59. Kxb6 Kf5 60.
Kc6 Kxf4 61. Kd6 Re8 62. e7 Rh8 63. Bf7 1-0

[Event "DEM U18 2015"]
[Site "Willingen GER"]
[Date "2015.05.30"]
[Round "9"]
[White "Ruff, Maximilian"]
[Black "Grigorian, Spartak"]
[Result "1/2-1/2"]
[Termination "normal"]
[Board "1"]
[WhiteElo "2276"]
[BlackElo "2311"]
[WhiteClock "00:54:48"]
[BlackClock "01:21:05"]
[PlyCount "40"]
[WhiteFideId "1271670"]
[BlackFideId "24661490"]
[EventCountry "GER"]
[EventRounds "9"]
[EventType "swiss"]
[EventDate "2015.05.23"]

1. e4 c5 2. Nf3 d6 3. Bb5+ Bd7 4. c4 Nf6 5. Nc3 g6 6. O-O Bg7 7. d4 cxd4 8.
Nxd4 O-O 9. Bxd7 Qxd7 10. b3 Nc6 11. Bb2 a6 12. Nd5 Nxd5 13. exd5 Nxd4 14. Bxd4
Bxd4 15. Qxd4 b5 16. Rac1 Rfc8 17. Rc3 Rc7 18. Rfc1 Rac8 19. h3 Rc5 20. b4 Rxc4
1/2-1/2

[Event "DEM U18 2015"]
[Site "Willingen GER"]
[Date "2015.05.30"]
[Round "9"]
[White "Kvetny, Mark"]
[Black "Lampert, Jonas"]
[Result "0-1"]
[Termination "normal"]
[Board "2"]
[WhiteTitle "FM"]
[BlackTitle "IM"]
[WhiteElo "2382"]
[BlackElo "2442"]
[WhiteClock "00:11:58"]
[BlackClock "00:22:26"]
[PlyCount "74"]
[WhiteFideId "24603929"]
[BlackFideId "1303759"]
[EventCountry "GER"]
[EventRounds "9"]
[EventType "swiss"]
[EventDate "2015.05.23"]

1. d4 d5 2. c4 c6 3. Nf3 Nf6 4. Nc3 dxc4 5. a4 Bf5 6. e3 e6 7. Bxc4 Bb4 8. O-O
O-O 9. Nh4 Bg6 10. Nxg6 hxg6 11. Qc2 Nbd7 12. Rd1 Qc7 13. h3 Rfd8 14. e4 c5 15.
Nb5 Qb8 16. e5 a6 17. exf6 axb5 18. Bxb5 Nxf6 19. Qc4 e5 20. d5 e4 21. g3 Qe5
22. Bf4 Qf5 23. d6 g5 24. Be3 Qxh3 25. d7 Qf5 26. Rd6 Ng4 27. Qd5 Qh7 28. Qxg5
Qh2+ 29. Kf1 Qh1+ 30. Ke2 Qf3+ 31. Kf1 Nxe3+ 32. Qxe3 Qh1+ 33. Ke2 Qxa1 34.
Qxe4 Qe1+ 35. Kf3 Qh1+ 36. Kf4 Qxe4+ 37. Kxe4 Kf8 0-1

[Event "DEM U18 2015"]
[Site "Willingen GER"]
[Date "2015.05.30"]
[Round "9"]
[White "Xu, Xianliang"]
[Black "Peil, Christoph"]
[Result "1-0"]
[Termination "normal"]
[Board "3"]
[WhiteElo "2117"]
[BlackElo "2227"]
[WhiteClock "00:22:18"]
[BlackClock "00:04:28"]
[PlyCount "53"]
[WhiteFideId "4603230"]
[BlackFideId "24651800"]
[EventCountry "GER"]
[EventRounds "9"]
[EventType "swiss"]
[EventDate "2015.05.23"]

1. e4 e6 2. Nf3 d5 3. Nc3 Nf6 4. e5 Nfd7 5. d4 Be7 6. Bf4 f6 7. exf6 Nxf6 8.
Bd3 O-O 9. Qe2 c5 10. dxc5 Bxc5 11. O-O-O Nc6 12. Kb1 Bd7 13. h4 Bb4 14. Bd2
Qe7 15. a3 Bd6 16. g4 Kh8 17. Rdg1 e5 18. g5 e4 19. gxf6 Qxf6 20. Nxe4 dxe4 21.
Bxe4 Rac8 22. Bc3 Ne5 23. Nxe5 Bxe5 24. Qh5 Bf5 25. Bxf5 Qxf5 26. Rg5 Qe4 27.
Re1 1-0